000 00748nam a2200229 a 4500
001 BRCA_4413
005 20190320204649.0
008 170810s1968----mx-b######---#000-0#spa-#
041 _aspa
050 4 _bA53 1968
100 1 _aAnderson, M. S.
_911209
245 1 0 _aLa europa del siglo XVIII
_b(1713-1789)
_cM. S. Anderson ; traducción Ricardo Haas.
300 _a245 p.
_bil. mapas
_c17 cm.
440 0 _aBreviarios del Fondo de Cultura Económica
_v199
_911210
500 _aTraducción de: 18th Century Europe 1713-1789
500 _aColección Sonia Corcuera de Mancera
504 _aBibliografía: p. 234-241
651 4 _aEuropa
_xHistoria
_ySiglo XVIII
_911211
700 1 _aHaas, Ricardo
_etr.
_911212
902 _aDSC
942 _2lcc
_cB
999 _c4122
_d4122